J2ee Design Patterns (Record no. 3118)

MARC details
000 -LEADER
fixed length control field 00306nam a2200133Ia 4500
008 - FIXED-LENGTH DATA ELEMENTS--GENERAL INFORMATION
fixed length control field 191201s2003 xx 000 0 und d
082 ## - DEWEY DECIMAL CLASSIFICATION NUMBER
Classification number 005.133
Item number ORJ
100 ## - MAIN ENTRY--PERSONAL NAME
Personal name O'Reilly
245 #0 - TITLE STATEMENT
Title J2ee Design Patterns
260 ## - PUBLICATION, DISTRIBUTION, ETC. (IMPRINT)
Place of publication, distribution, etc N.Delhi
Name of publisher, distributor, etc Shroff
Date of publication, distribution, etc 2003
300 ## - PHYSICAL DESCRIPTION
Extent 350
650 ## - SUBJECT ADDED ENTRY--TOPICAL TERM
Topical term or geographic name as entry element B.Tech(IT)
942 ## - ADDED ENTRY ELEMENTS (KOHA)
Source of classification or shelving scheme Dewey Decimal Classification
Koha item type Text Books
Holdings
Withdrawn status Lost status Source of classification or shelving scheme Damaged status Not for loan Collection code Home library Current library Date acquired Source of acquisition Cost, normal purchase price Bill Number Total Checkouts Full call number Acc. no. / Barcode Date last seen Bill Date Koha item type Date last borrowed Public note
    Dewey Decimal Classification     B.Tech(IT) PIET C-LIBRARY PIET C-LIBRARY 23/08/2007 J B C, New Delhi 325.00 722   005.133 CRJ 7387 04/12/2019 30/07/2007 Text Books    
    Dewey Decimal Classification     B.Tech(IT) PIET C-LIBRARY PIET C-LIBRARY 23/08/2007 J B C, New Delhi 325.00 722 1 005.133 ORJ 7388 13/03/2025 30/07/2007 Text Books 21/01/2022 .

Design & Developed by: PIET Central Library
R70 Miles Stone Pattikalyana Samalkha Panipat 132102
mail ID :- [email protected], Phone No:- 0180-2569700 Ex.216